000 00765nam a2200229 i 4500
001 bg
245 0 0 _aSamorząd w Polsce :
_bistota, formy, zadania : praca zbiorowa /
_cpod red. nauk. Stanisława Wykrętowicza.
250 _aWyd. 2 uaktual.
260 _aPoznań :
_bWydaw. Wyższej Szkoły Bankowej,
_c2001.
300 _a373 s. ;
_c24 cm.
504 _aBibliogr.
650 9 _aSamorząd terytorialny
_zPolska
_yod 1989 r.
700 1 _aWYKRĘTOWICZ, Stanisław.
_eRed.
020 _a8388048554
040 _cBPK
041 0 _apol
080 _a352/353(438)"1989/..."
920 _a83-88048-55-4
942 _cKS
008 s pl f |000 0 pol
999 _c43381
_d43381
856 _uhttp://koha.tu.koszalin.pl/cgi-bin/koha/opac-detail.pl?biblionumber=43381
_yKatalog online BPK